| 000 | 01037nam a2200241 a 4500 | ||
|---|---|---|---|
| 001 | 000047593 | ||
| 005 | 20201002060627.0 | ||
| 008 | 180705s2017 dr 000 0 spa d | ||
| 020 | _a9789945907131 | ||
| 040 |
_aDO-SdBNP _bspa _cBNPHU |
||
| 082 |
_axxx _bxxxx |
||
| 100 | 1 |
_aCeballos, Rita Ma. _975230 |
|
| 245 | 1 | 0 |
_aPara cambiar la cara de la escuela : _bsistematización de la propuesta socioeducativa del Centro Cultural Poveda de República Dominicana / _cRita Ma. Ceballos ; colaboración Argentina Henríquez ; prólogo Ana Jesús Hernández, Leopoldo Artiles, Sara Victoria Alvarado. |
| 260 |
_aSanto Domingo, : _bCentro Cultural Poveda, _c2017. |
||
| 300 |
_a308 p. ; _c27 cm. |
||
| 504 | _aBibliografía p: 255-265 | ||
| 500 | _aIncluye datos biografícos de la autora en las solapas. | ||
| 590 | _aInventariado, 2018/ YL | ||
| 700 | 1 |
_aJesús Hernandez, Ana _eprol. _943092 |
|
| 700 | 1 |
_aArtiles, Leopoldo _eprol. _917960 |
|
| 700 | 1 |
_aAlvarado, Sara Victoria _eprol. _975231 |
|
| 700 | 1 |
_aHenríquez, Argentina _ecol. _935885 |
|
| 999 |
_c47081 _d47081 |
||